Puebla: lectura y comentarios

Saved in:
Bibliografiske detaljer
Corporate Authors: Centro de Investigación y Educación Popular (Author), CINEP (Author), Conferencia Episcopal Latinoamericana (Author), CELAM (Author)
Format: Bog
Sprog:spansk
Udgivet: Bogotá CINEP 1979
Serier:Serie controversia, 72-73
Fag:
Tags: Tilføj Tag
Ingen Tags, Vær først til at tagge denne postø!

MARC

LEADER 00000nam a2200000 a 4500
001 UCY6899
003 CL-VaPUC
008 950602e19790000CK |||||||||||||||||spa|d
082 0 4 |a 261.1  |b CEN  |2 21 
110 2 |a Centro de Investigación y Educación Popular  |e author  |9 337027 
710 2 |a CINEP  |e author  |9 337028 
710 2 |a Conferencia Episcopal Latinoamericana  |e author  |9 337029 
710 2 |a CELAM  |e author  |9 337030 
245 1 0 |a Puebla: lectura y comentarios 
300 |a 128 p 
942 |c BK 
945 |d 19950602 00:00:00  |a mfernand 
260 |a Bogotá  |b CINEP  |c 1979 
650 0 |a Catolicismo  |9 258690 
650 0 |a Problemas sociales  |9 258537 
650 0 |a Pobreza  |9 258652 
650 7 |a POBRES  |2 CL-VaPUC  |9 311341 
650 0 |a Doctrina social de la iglesia  |9 257333 
650 0 |a Teología   |9 258766 
650 7 |a EVANGELIZACION  |2 CL-VaPUC  |9 337031 
650 7 |a COMUNIDADES DE BASE  |2 CL-VaPUC  |9 337032 
650 0 |a Cristianismo  |9 257361 
650 0 |a Salvación  |9 315007 
650 0 |a Religiosidad popular  |9 337033 
651 0 |a América Latina   |9 255027 
583 |a last modification  |c 19950602 00:00:00  |k Rodrigo Vera 
490 0 |a Serie controversia, 72-73 
999 |c 234382  |d 234380